Depeche Mode Singles - Sudden Death - Statistics

General Stats
  • This quiz has been taken 338 times
  • The average score is 12 of 20
Answers on the Grid
Answers color-coded by a green-red scale on the quiz's grid according to % correct below.
Barrel of a Gun
Behind The Wheel
Blasphemous Rumours
Condemnation
Enjoy The Silence
Everything Counts
Ghosts Again
Home
I Feel You
In Your House
It's All Bad
John the Elevator
Just Can't Get Enough
Lilian
Never Get Me Drunk Again
Only When I Find Myself
People are People
Policy of Lies
See You
Shake the Disease
Should be Lower
Someone
Soothe my Heart
Stripped
Suffer Well
Wagging Tongue
Walking in my Shoes
Where's the Revolution
World in my Eyes
Worthless
 
Answer Stats
Answer % Correct
Enjoy The Silence
88%
Everything Counts
80%
Behind The Wheel
76%
Just Can't Get Enough
74%
Blasphemous Rumours
73%
I Feel You
67%
People are People
65%
Barrel of a Gun
64%
Ghosts Again
63%
Shake the Disease
61%
Walking in my Shoes
59%
World in my Eyes
58%
Stripped
56%
Home
54%
Condemnation
53%
See You
43%
Suffer Well
38%
Where's the Revolution
38%
Wagging Tongue
36%
Lilian
31%
No matching quizzes found
Score Distribution
Percent of People with Each Score
Percentile by Number Answered
Your Score History
You have not taken this quiz